000 00501nam a2200157Ia 4500
008 220216s9999 xx 000 0 und d
100 _aRao P.S.
245 0 _aClimatic requirements
260 _bIn: Natural Rubber: Biology, cultivation and technology. (Eds. M.R. Sethuraj and N.M. Mathew). Elsevier Science Publishers, Amsterdam, pp. 200-219.
_c1992
650 _aAgroclimate
650 _aHumidity
650 _aRainfall
650 _aWater balance
700 _aVijayakumar K.R.
942 _cBS
999 _c50577
_d50577